Montreal Canadiens' Captains - Statistics

General Stats
  • This quiz has been taken 1,154 times
  • The average score is 11 of 28
Answer Stats
Years Captain % Correct
1956-1960 Maurice Richard
92%
1971-1975 Henri Richard
91%
1961-1971 Jean Beliveau
83%
1999-2009 Saku Koivu
83%
2010-present Brian Gionta
69%
1989-1994 Guy Carbonneau
65%
1981-1989 Bob Gainey
58%
1979-1981 Serge Savard
56%
1996-1999 Vincent Damphousse
53%
1975-1979 Yvan Cournoyer
53%
1940-1948 Toe Blake
47%
1989-1990 Chris Chelios
41%
1960-1961 Doug Harvey
39%
1994-1995 Kirk Muller
38%
1948-1956 Emile Bouchard
35%
1995-1996 Pierre Turgeon
35%
1910-1911, 1912-1913, 1916-1922 Newsy Lalonde
29%
1995 Mike Keane
27%
1909-1910, 1911-1912 Jack Laviolette
18%
1948 Bill Durnan
15%
1926-1932, 1933-1936 Sylvio Mantha
14%
1932-1933 George Hainsworth
11%
1922-1925 Sprague Cleghorn
9%
1936-1939 Albert "Babe" Siebert
8%
1925-1926 Billy Coutu
6%
1939-1940 Walter Buswell
4%
1915-1916 Howard McNamara
3%
1913-1915 Jimmy Gardner
2%
No matching quizzes found
Score Distribution
Percent of People with Each Score
Percentile by Number Answered
Your Score History
You have not taken this quiz